[Event "HCL-B3714"]
[Site "www.playchess.de"]
[Date "2006.01.17"]
[Round "4"]
[White "adamant"]
[Black "ivusko"]
[WhiteElo "1251"]
[BlackElo "1225"]
[PlyCount "122"]
[Result "0-1"]

1.d4 d5 2.Nc3 e6 3.Nf3 Bb4 4.Bd2 Nc6 5.e3 a6 6.Bd3 
Nf6 7.O-O O-O 8.Re1 Bd7 9.a3 Bxc3 10.Bxc3 Re8 
11.Qe2 Ne7 12.b4 c6 13.Bb2 Nc8 14.Ng5 g6 15.e4 
dxe4 16.Nxe4 Nd5 17.g3 Nf6 18.d5 Nxd5 19.c4 f5 
20.Ng5 Qxg5 21.cxd5 exd5 22.Qd1 Nd6 23.h4 Rxe1+ 
24.Qxe1 Re8 25.Qc3 {good game}  Qh6 26.Qf6 Ne4 
27.Bxe4 dxe4 28.Rd1 Be6 29.Rd8 Rxd8 30.Qxd8+ Qf8 
31.Qf6 Qxf6 32.Bxf6 Kf7 33.Bg5 Kg7 34.Kf1 h6 
35.Be3 Bc4+ 36.Ke1 h5 37.Kd2 Kf6 38.Kc3 Bb5 39.Kd4 
Ke6 40.Bf4 Bd3 41.Kc5 Kd7 42.Bg5 Kc7 43.Bf6 b6+ 
44.Kd4 a5 45.Ke5 axb4 46.axb4 Kd7 47.Bg5 Be2 
48.Kf6 Kd6 49.Kxg6 Bg4 50.Kf7 Kd5 51.Be7 Kc4 
52.Kf6 Kd5 53.Kg5 c5 54.bxc5 bxc5 55.Kf4 Kd4 
56.Bf6+ Kd3 57.Bg5 c4 58.Ke5 c3 59.Kd5 c2 60.Be3 
Ke2 61.Kc4 Kd1 0-1

[Event "HCL-B3819"]
[Site "www.playchess.de"]
[Date "2006.01.17"]
[Round "17"]
[White "VITAL"]
[Black "WStanEvans"]
[WhiteElo "1232"]
[BlackElo "1181"]
[PlyCount "58"]
[Result "1/2-1/2"]

1.e4 e5 2.Bc4 Nc6 3.Nf3 Nf6 4.Ng5 d5 5.exd5 Nd4 
6.d6 Be6 7.dxc7 Qxc7 8.Bd3 Bd5 9.c3 Nc6 10.Bb5 
Bxg2 11.Rg1 Bd5 12.c4 Be6 13.Nxe6 fxe6 14.d3 O-O-O 
15.Bg5 Nd4 16.Be3 Nxb5 17.cxb5 Qa5+ 18.Nc3 Nd5 
19.Bd2 Nxc3 20.Bxc3 Qxb5 21.Qg4 Qxd3 22.Qxe6+ Qd7 
23.Qc4+ Kb8 24.Ke2 Bd6 25.Rad1 Qe7 26.Rd5 Bc7 
27.Rc1 Rxd5 28.Qxd5 Rd8 29.Qe4 g6 {(offering 
draw)}  1/2-1/2

[Event "HCL-M844"]
[Site "www.playchess.de"]
[Date "2006.01.17"]
[Round "14"]
[White "marceli"]
[Black "DePoelmeester"]
[WhiteElo "1775"]
[BlackElo "1636"]
[PlyCount "46"]
[Result "1/2-1/2"]

1.d4 {hello & good luck from Wiesbaden, Germany}  
d5 2.c4 c6 3.e3 Nf6 4.Nf3 Bf5 5.Nc3 Qa5 6.Bd2 e6 
7.Nxd5 Qd8 8.Nxf6+ Qxf6 9.Qb3 b6 10.Be2 Be4 11.a4 
Nd7 12.Bc3 Be7 13.d5 Qg6 14.dxe6 fxe6 15.O-O O-O 
{alles gute fur 2006}  16.Kh1 {Shalom, auch dir 
alles gute für 2006}  Rad8 17.a5 Bd6 18.h3 Ne5 
19.Bxe5 Bxe5 20.axb6 Bxf3 21.Bxf3 Rxf3 22.gxf3 Qh5 
23.Kg2 Qg5+ {(offering draw)}  1/2-1/2

[Event "HCL-B3795"]
[Site "www.playchess.de"]
[Date "2006.01.17"]
[Round "8"]
[White "pirracas"]
[Black "Sonea"]
[WhiteElo "1800"]
[BlackElo "1350"]
[PlyCount "137"]
[Result "1/2-1/2"]

1.e4 {Hi from Xalapa Mexico}  d6 {Hello from 
Imardin, Kyralia}  2.Nf3 {good luck Akkarin}  c6 
3.Bc4 h6 4.d3 e5 5.Be3 Nf6 6.O-O Be7 7.Nbd2 O-O 
8.c3 Bg4 9.Qc2 Nbd7 10.Nh4 d5 11.Bb3 Be6 12.f4 
exf4 13.Bd4 Nxe4 14.dxe4 Bxh4 15.exd5 Bxd5 16.Bxd5 
cxd5 17.Rxf4 Bf6 18.Bxf6 Nxf6 19.Raf1 Qe7 20.Qd3 
Rae8 21.Qg3 Qe3+ 22.Qxe3 Rxe3 23.R1f2 Re1+ 24.R2f1 
Rxf1+ 25.Rxf1 Re8 26.Rf2 Re1+ 27.Rf1 Rxf1+ 28.Kxf1 
Kf8 29.Ke2 Ke7 30.Nb3 b6 31.Nd4 Kd6 32.b4 g6 
33.Kf3 Ne4 34.Nb5+ Kd7 35.Nxa7 Nxc3 36.a3 Kc7 
37.Ke3 Kb7 38.Kd3 Ne4 39.Nb5 Kc6 40.Nd4+ Kd6 41.a4 
Nf2+ 42.Ke2 Ng4 43.h3 Ne5 44.Ke3 Nc4+ 45.Kf4 f5 
46.g4 fxg4 47.hxg4 Ne5 48.Kg3 Nd3 49.Nc2 Kc6 
50.Kh4 Nb2 51.Nd4+ Kd6 52.a5 {(offering draw)}  
bxa5 {Sorry. Just want to learn how this might 
go.}  53.bxa5 {Its ok, lets see, I think your up 
in matirial and I'm little up in position, that's 
way I offer the Draw}  Nc4 {I agree. We will see}  
54.a6 Nb6 55.a7 Ke5 56.Nf3+ Ke4 57.Kg3 d4 58.Nd2+ 
Kd3 59.Nf3 Kc3 60.Kf2 d3 61.Ke1 Kc2 62.Nd2 h5 
63.Nc4 Na8 64.gxh5 gxh5 65.Ne3+ Kc1 66.Nf1 h4 
67.Kf2 d2 {(offering draw)}  68.Nxd2 Kxd2 69.Kf3 
{(offering draw) Sorry, I see your draw ofer after 
my move}  1/2-1/2

[Event "HCL-C3760"]
[Site "www.playchess.de"]
[Date "2006.01.17"]
[Round "9"]
[White "Milosforman"]
[Black "chessmutt"]
[WhiteElo "1067"]
[BlackElo "1283"]
[PlyCount "107"]
[Result "1-0"]

1.d4 d5 2.e3 Nc6 3.Bb5 Bd7 4.a4 Nb8 5.Bxd7+ Qxd7 
6.Qe2 e6 7.Nf3 Nf6 8.c3 Nc6 9.b4 a5 10.b5 Nb8 
11.Ne5 Qe7 12.Nd2 Ne4 13.Nxe4 dxe4 14.O-O f6 
15.Nc4 e5 16.d5 Qd7 17.Rd1 h5 18.b6 Qg4 19.Qxg4 
hxg4 20.bxc7 Na6 21.d6 Nxc7 22.dxc7 Rc8 23.Nd6+ 
Kd7 24.Nxc8+ Kxc8 25.Ba3 Kxc7 26.Bxf8 Rxf8 27.Rd5 
b6 28.Rad1 g6 29.R5d7+ Kc6 30.R1d6+ Kc5 31.R7d8 
Rxd8 32.Rxd8 Kc4 33.Rc8+ Kb3 34.Rc6 Kxa4 35.Rxb6 
f5 36.Rxg6 Kb3 37.Ra6 a4 38.c4 a3 {have your queen 
i will take your rook}  39.Rxa3+ {as u prefer... 
;o)}  Kxa3 40.c5 f4 41.c6 Kb4 42.c7 Kc3 43.c8Q+ 
Kd2 44.exf4 exf4 45.Qxg4 e3 46.fxe3 fxe3 47.Qd4+ 
Ke2 48.g4 Kf3 49.Kf1 e2+ 50.Ke1 Kg2 51.Qf2+ Kh3 
52.Kxe2 Kxg4 53.Ke3 Kh3 54.Qg3+ 1-0

[Event "HCL-B3769"]
[Site "www.playchess.de"]
[Date "2006.01.17"]
[Round "9"]
[White "Kold_Blooded_Ken"]
[Black "Rekha"]
[WhiteElo "1400"]
[BlackElo "1200"]
[PlyCount "57"]
[Result "1-0"]

1.e4 {Hello}  d5 2.Nc3 Nf6 3.d3 dxe4 4.d4 c6 5.Bc4 
b5 6.Bxf7+ Kxf7 7.Nge2 Na6 8.O-O Qd6 9.Nf4 Bg4 
10.Nxe4 Nxe4 11.Qxg4 Ke8 12.Re1 Nf6 13.Be3 Nxg4 
14.Bd2 Qxd4 15.Re2 Qxb2 16.Rae1 g5 17.Ne6 Qxc2 
18.Bxg5 Qg6 19.Nxf8 Kxf8 20.Bxe7+ Kg7 21.R2e6 Qf7 
22.Bd6 Qxf2+ 23.Kh1 Nf6 24.R6e7+ Kg6 25.Bg3 Qxa2 
26.h4 Nh5 27.R7e6+ Kf5 28.R1e5+ Kg4 
29.Rg5+ 1-0

[Event "HCL-B3810"]
[Site "www.playchess.de"]
[Date "2006.01.17"]
[Round "3"]
[White "farah"]
[Black "chessH"]
[WhiteElo "1577"]
[BlackElo "1289"]
[PlyCount "47"]
[Result "1-0"]

1.d4 d5 2.c4 dxc4 3.Nc3 Nf6 4.e3 Bg4 5.Nf3 e6 
6.Bxc4 Nc6 7.a3 Bd6 8.O-O e5 9.dxe5 Bxf3 10.Qxf3 
Bxe5 11.Bb5 O-O 12.Bxc6 Bxc3 13.Bxb7 Ba5 14.Bxa8 
Qxa8 15.Qxa8 Rxa8 16.b4 Bb6 17.Bb2 Ne4 18.Rfd1 Re8 
19.Rd3 Nd6 20.Bd4 f5 21.Bxb6 axb6 22.Rc1 f4 
23.Rxc7 fxe3 24.Rxe3 1-0

[Event "HCL-C3994"]
[Site "www.playchess.de"]
[Date "2006.01.17"]
[Round "21"]
[White "Bumble"]
[Black "garden"]
[WhiteElo "1201"]
[BlackElo "1044"]
[PlyCount "65"]
[Result "1-0"]

1.e4 e5 2.Nf3 d6 3.b3 Bg4 4.Bb2 Qf6 5.Nc3 Nc6 
6.Nd5 Qd8 7.h3 Be6 8.Qe2 Nf6 9.Nc3 Nd4 10.Qd3 Nh5 
11.g3 d5 12.O-O-O Be7 13.h4 Bg4 14.Bg2 Nf6 15.Nb5 
dxe4 16.Qc4 c6 17.Nbxd4 exf3 18.Nxf3 b5 19.Qxc6+ 
Bd7 20.Qc3 Ng4 21.Rdf1 Rc8 22.Qd3 Bc6 23.Qe2 f6 
24.Bh3 Bd7 25.d4 f5 26.Nxe5 Nf6 27.Rhg1 O-O 28.g4 
h5 29.gxf5 Bd6 30.f3 Nd5 31.Qg2 Bxe5 32.dxe5 Ne3 
33.Qxg7+ 1-0

[Event "HCL-M817"]
[Site "www.playchess.de"]
[Date "2006.01.17"]
[Round "25"]
[White "marceli"]
[Black "abebebikila"]
[WhiteElo "1771"]
[BlackElo "1726"]
[PlyCount "87"]
[Result "1-0"]

1.d4 Nf6 {good luck}  2.c4 {greetings from 
Wiesbaden, Germany}  g6 3.Nc3 Bg7 4.e4 O-O 5.f3 d6 
6.Be3 Nbd7 7.Qd2 c5 8.d5 Qa5 9.h4 Ne5 10.g4 h5 
11.gxh5 Nxh5 12.Bh6 Ng3 13.Bxg7 Kxg7 14.Rh2 Nxf1 
15.Kxf1 Nxc4 16.Qe2 Ne5 17.h5 b6 18.h6+ Kh7 19.Kg2 
Ba6 20.Qd2 Qb4 21.Kg3 Nd3 22.Nh3 Qd4 23.Ng5+ Kh8 
24.Rah1 Qe5+ 25.f4 Qf6 26.Nf3 e5 27.fxe5 Nxe5 
28.Rf2 Nxf3 29.Rxf3 Qe5+ 30.Qf4 Rae8 31.Qxe5+ Rxe5 
32.Rf6 Bd3 33.Rxd6 Bxe4 34.Rh4 Bf5 35.Rh2 Rfe8 
36.Rf6 R8e7 37.d6 Rd7 38.Kf4 Re1 39.a4 Be6 40.Ne4 
Ra1 41.Ke5 Rxa4 42.Ng5 c4 43.Rd2 Ra5+ 
44.Kf4 1-0

[Event "HCL-B3817"]
[Site "www.playchess.de"]
[Date "2006.01.17"]
[Round "2"]
[White "Skipper_Robert"]
[Black "ArthurDent"]
[WhiteElo "897"]
[BlackElo "980"]
[PlyCount "64"]
[Result "0-1"]

1.e4 {Auf ein neues}  e5 {How are you?}  2.Bc4 
{fine thanks}  Nf6 3.Nc3 Bc5 4.Nf3 Nc6 5.h3 d6 
6.Ng5 Be6 7.Bxe6 fxe6 8.Nxe6 Qe7 9.Nxc5 dxc5 10.d3 
Rd8 11.Be3 c4 12.O-O Nd4 13.a3 Rf8 14.Qc1 cxd3 
15.cxd3 Nb3 16.Qd1 Nxa1 17.Qxa1 Rxd3 18.Bxa7 Nh5 
19.Rd1 Rxh3 20.gxh3 Qg5+ 21.Kf1 Ng3+ 22.Ke1 Nh1 
23.Ke2 Rxf2+ 24.Bxf2 Qh5+ {Crap, as soon as I 
submitted that last move I thought "hey, wait a 
second, he's got a bishop way over there... 
NO!!!!"  I mean, it's all part of my plan!  I 
swear!}  25.Kf1 Qxh3+ 26.Ke2 Qh5+ 27.Ke3 Qg5+ 
28.Ke2 Qg4+ 29.Kf1 Qf3 30.Rd2 Ng3+ 31.Ke1 Qh1+ 
32.Bg1 Qxg1+ 0-1

[Event "HCL-T248"]
[Site "www.playchess.de"]
[Date "2006.01.17"]
[Round "8"]
[White "Coolhandluke"]
[Black "Ezechiel"]
[WhiteElo "1478"]
[BlackElo "1808"]
[PlyCount "108"]
[Result "0-1"]

1.d4 Nf6 2.Bg5 e6 3.Nf3 Be7 4.Nbd2 h6 5.Bxf6 Bxf6 
6.e4 d5 7.e5 Bg5 8.Bd3 Nc6 9.O-O O-O 10.c4 Nb4 
11.Qb3 Nxd3 12.Qxd3 dxc4 13.Nxc4 Bd7 14.Nxg5 Qxg5 
15.f4 Qh4 16.Rf3 Bc6 17.Rh3 Qxf4 18.Rf1 Qe4 19.Qd2 
Rad8 20.Rg3 Qxd4+ 21.Qxd4 Rxd4 22.b3 Bb5 23.Rc3 
Bxc4 24.bxc4 Re4 25.Rd1 Rxe5 26.Rd7 Rc8 27.Rcd3 
Re1+ 28.Kf2 Rc1 29.Re7 Rxc4 30.Rdd7 Ra4 31.Kg1 
Rxa2 32.Rexf7 Ra1+ 33.Kf2 Rf8 34.Rxf8+ Kxf8 
35.Rxc7 b5 36.Rb7 a6 37.Ra7 b4 38.Rb7 a5 39.h4 Ra3 
40.Ke1 Ra2 41.g3 Ra3 42.Kf2 b3 43.Ke1 {welcome 
back, happy new year}  a4 44.Kd2 Ra2+ 45.Kc3 b2 
46.Kc2 a3 47.Rb3 Ra1 48.h5 e5 49.Rf3+ Ke7 50.Rb3 
Ke6 51.g4 Rc1+ 52.Kd2 b1Q 53.Rxb1 Rxb1 54.Kc2 
a2 0-1

[Event "HCL-B3822"]
[Site "www.playchess.de"]
[Date "2006.01.17"]
[Round "20"]
[White "IRONMAIDEN"]
[Black "Saladin"]
[WhiteElo "1337"]
[BlackElo "1379"]
[PlyCount "47"]
[Result "1-0"]

1.d4 g6 2.e4 e6 3.Bd3 Bg7 4.e5 Nc6 5.Nf3 d5 6.O-O 
Nge7 7.Be3 Nf5 8.Bxf5 gxf5 9.Nbd2 f6 10.Bf4 fxe5 
11.Nxe5 Qh4 12.Bg3 Qf6 13.Nxc6 bxc6 14.c3 f4 
15.Qa4 Bb7 16.Qb4 Rb8 17.c4 fxg3 18.fxg3 Qxd4+ 
19.Kh1 Qxb2 20.Rab1 Qxa2 21.Rbe1 Kd7 22.Rf7+ Kc8 
23.Qe7 {Schachmatt in 2 Zügen, wenn ich richtig 
sehe.}  Be5 {stimmt, ich war zu gierig}  
24.Qd7+ 1-0

[Event "HCL-B3821"]
[Site "www.playchess.de"]
[Date "2006.01.17"]
[Round "20"]
[White "IRONMAIDEN"]
[Black "maus"]
[WhiteElo "1382"]
[BlackElo "1327"]
[PlyCount "64"]
[Result "0-1"]

1.e4 e5 2.Nc3 Nf6 3.Bc4 d6 4.Nf3 Bg4 5.O-O Nc6 
6.d3 h6 7.Be3 Be7 8.Qe2 O-O 9.a3 a6 10.h3 Bh5 
11.Nd5 b5 12.Nxf6+ Bxf6 13.Bd5 Qd7 14.Bd2 Rad8 
15.Bb4 Nd4 16.Qd1 Bxf3 17.Qxf3 Nxf3+ 18.Kh1 Ng5 
19.Rae1 c6 20.Bb3 Rfe8 21.c4 c5 22.Bd2 bxc4 
23.Bxc4 Qa4 24.b4 Qc2 25.Re2 Qa4 26.f4 exf4 
27.Bxf4 cxb4 28.axb4 Qxb4 29.Rff2 Nxe4 {what do 
you think?}  30.Bxf7+ {not much - waiting for you 
you miss out on something...}  Kxf7 31.dxe4 Rxe4 
{i miss?out?why?}  32.Rxe4 {very good question!}  
Qxe4 {very good answer...}  0-1

[Event "HCL-A2504"]
[Site "www.playchess.de"]
[Date "2006.01.17"]
[Round "1"]
[White "jmulin"]
[Black "Matu"]
[WhiteElo "1700"]
[BlackElo "1457"]
[PlyCount "109"]
[Result "1/2-1/2"]

1.e4 c6 2.d4 d5 3.Nd2 dxe4 4.Nxe4 Nf6 5.Nxf6+ exf6 
6.Nf3 Bg4 7.Be2 Bd6 8.O-O O-O 9.b3 Qc7 10.h3 Bh5 
11.Bb2 Nd7 12.c4 c5 13.Qd2 Rad8 14.Rad1 cxd4 
15.Nxd4 Bxe2 16.Nxe2 Nc5 17.Qc2 Rfe8 18.Nc3 a6 
19.Nd5 Qb8 20.Rde1 Rxe1 21.Rxe1 Re8 22.Re2 Rxe2 
23.Qxe2 Be5 24.Bc1 b5 25.Qg4 g6 26.Be3 Ne6 27.c5 
Kg7 28.Qb4 Nc7 29.Nb6 Ne6 30.Nd7 Qc7 31.Nb6 Qb7 
32.Qh4 g5 33.Qg4 Kg6 34.a4 h5 35.Qf3 Qxf3 36.gxf3 
Bd4 37.c6 Bxe3 38.fxe3 Nc7 39.e4 f5 40.Nd5 Ne8 
41.c7 Nd6 42.exf5+ Kxf5 43.Nb6 bxa4 44.bxa4 Ke5 
45.c8Q Nxc8 46.Nxc8 Kd5 47.Kf2 Kc5 48.Ke2 Kb4 
49.Kd3 f5 50.Nd6 g4 51.hxg4 hxg4 52.fxg4 fxg4 
53.Nf5 Kxa4 54.Kc4 a5 55.Ng3 {(offering draw)} 
 1/2-1/2

[Event "HCL-C4014"]
[Site "www.playchess.de"]
[Date "2006.01.17"]
[Round "7"]
[White "Milosforman"]
[Black "Doris"]
[WhiteElo "937"]
[BlackElo "542"]
[PlyCount "77"]
[Result "1-0"]

1.d4 d5 2.Nf3 Nc6 3.e3 Nf6 4.Bb5 Bd7 5.a4 a5 
6.Bxc6 Bxc6 7.Bd2 e6 8.Ne5 Qe7 9.Nxc6 bxc6 10.Nc3 
Qd7 11.Rb1 Bd6 12.O-O O-O 13.Re1 Qe7 14.b4 axb4 
15.Ne2 Rxa4 16.c3 Ra6 17.cxb4 Qd7 18.f4 Rb6 19.Ng3 
Qe7 20.Nh5 g6 21.Nxf6+ Qxf6 22.Qf3 Rb5 23.e4 Qxd4+ 
24.Qf2 Qg7 25.e5 Be7 26.Qa7 Bd8 27.Re3 Rb6 28.Rg3 
f5 29.Rgb3 Qd7 30.b5 Qe7 31.bxc6 h5 32.R3xb6 Qc5+ 
33.Kh1 cxb6 34.Rc1 Qe7 35.c7 Kf7 36.cxd8N+ Rxd8 
37.Rc7 Rd7 38.Rxd7 Qxd7 {good game for you!}  
39.Qxd7+ {thank u ... the knight promotion was the 
key!}  1-0

[Event "HCL-C3935"]
[Site "www.playchess.de"]
[Date "2006.01.17"]
[Round "7"]
[White "atomino"]
[Black "kiddthekid"]
[WhiteElo "800"]
[BlackElo "800"]
[PlyCount "47"]
[Result "1-0"]

1.d4 a5 2.b3 b6 3.d5 c6 4.g3 cxd5 5.Qxd5 Ra7 6.Be3 
e6 7.Qb5 Ba6 8.Qxb6 Rb7 9.Qd4 Nc6 10.Qh4 Rb5 {you 
really know how to play chess very well}  11.Nd2 
{i play sometimes... sorry my english is not so 
good.}  Nf6 {your english is not bad... but your 
chess is sure better than your english}  12.a3 Rc5 
13.c4 Re5 14.b4 Re4 15.f4 Rxe3 16.Kf2 Rc3 17.e3 
{you play a hard game???  ;-)}  Rc2 18.Ngf3 Nb8 
19.h3 Bb7 20.Bg2 axb4 21.a4 Rxc4 {You are really 
very good at chess!}  22.a5 {ho ho ho.......}  Rc3 
23.Nd4 Bc5 24.Bxb7 1-0

[Event "HCL-B3820"]
[Site "www.playchess.de"]
[Date "2006.01.17"]
[Round "4"]
[White "RUDI"]
[Black "tusnelda"]
[WhiteElo "1257"]
[BlackElo "1182"]
[PlyCount "69"]
[Result "1/2-1/2"]

1.e4 e5 2.Nc3 Nc6 3.Bc4 Nf6 4.Nf3 h6 5.O-O Bc5 
6.a3 a6 7.d3 d6 8.Qe1 Bg4 9.Nd5 Bxf3 10.gxf3 Nd4 
11.Nxf6+ Qxf6 12.Qd1 Nxf3+ 13.Kh1 Nh4 14.Be3 Qg6 
15.Rg1 Qf6 16.Bxc5 dxc5 17.Qe2 Nf3 18.Rg3 Nd4 
19.Qd1 Qxf2 20.Qg1 Qxg1+ 21.Rgxg1 g5 22.c3 Nb5 
23.Bxb5+ axb5 24.Rgf1 Rf8 25.Rf6 Ra6 26.Raf1 Rxf6 
27.Rxf6 Rh8 28.Kg2 Ke7 29.Rf5 f6 30.h3 Rg8 31.Kg3 
h5 32.Rf2 h4+ 33.Kg4 Kf7 34.Rg2 Kg6 35.Rf2 
{(offering draw)}  1/2-1/2

[Event "HCL-A2526"]
[Site "www.playchess.de"]
[Date "2006.01.17"]
[Round "12"]
[White "Marius_sah"]
[Black "freno"]
[WhiteElo "1403"]
[BlackElo "1577"]
[PlyCount "120"]
[Result "1/2-1/2"]

1.e4 {Hi. Good luck!}  c5 {hello from Paris}  
2.Nf3 Nc6 3.d4 cxd4 4.Nxd4 a6 5.c4 d6 6.Nc3 Nf6 
7.f4 g6 8.h3 Bg7 9.Be3 Qa5 10.Bd3 Nxd4 11.Bxd4 Bd7 
12.O-O O-O 13.a3 Qc7 14.Rc1 Bc6 15.Bxf6 Bxf6 
16.Kh1 Bg7 17.Nd5 Bxd5 18.cxd5 Qd7 19.Qe2 Rfc8 
20.b3 b5 21.a4 bxa4 22.bxa4 Rxc1 23.Rxc1 Qxa4 
24.Rc7 Kf8 25.Rc4 Qa1+ 26.Kh2 a5 27.Qc2 Bd4 28.f5 
a4 29.fxg6 hxg6 30.Qb1 Qxb1 31.Bxb1 Bc5 32.Ba2 a3 
33.Kg3 {(offering draw)}  Rb8 {one pawn more, I 
want to try...}  34.Rc2 {ok try}  Kg7 35.Kg4 Kf6 
36.h4 Ke5 37.Kf3 Rb4 38.Re2 Rd4 39.g4 Rd1 40.Kg3 
Rd3+ 41.Kg2 Rd1 42.h5 gxh5 43.gxh5 Rg1+ 44.Kh2 Rg5 
45.Bb1 Rxh5+ 46.Kg3 Rh1 47.Ba2 e6 48.dxe6 fxe6 
49.Kf3 Rh3+ 50.Kg2 Re3 51.Rxe3 Bxe3 52.Kf3 Bc5 
53.Bb3 d5 54.exd5 exd5 55.Ke2 Bd4 56.Kd3 Bb2 
57.Ba2 d4 58.Bg8 Kf4 59.Bd5 Kg3 60.Ke2 Kf4 
{(offering draw)}  1/2-1/2

[Event "HCL-C3962"]
[Site "www.playchess.de"]
[Date "2006.01.17"]
[Round "20"]
[White "mothball"]
[Black "Ruka"]
[WhiteElo "1289"]
[BlackElo "752"]
[PlyCount "82"]
[Result "1/2-1/2"]

1.Nf3 Nc6 2.g3 e5 3.d3 d5 4.Bg2 Nf6 5.O-O Bd6 
6.Nbd2 d4 7.Ne4 Nxe4 8.dxe4 f6 9.e3 Be6 10.exd4 
exd4 11.Nxd4 Bc4 12.Nxc6 bxc6 13.Re1 O-O 14.b3 Bb5 
15.a4 Ba6 16.Bb2 Bc5 17.Qg4 Qd2 18.Kh1 Rae8 19.h4 
Qxf2 20.e5 fxe5 21.Rxe5 Bc8 22.Qc4+ Kh8 23.Rxc5 
Re2 24.Rg1 Bh3 25.Bxg7+ Kxg7 26.Qc3+ Rf6 27.Rg5+ 
Kh8 28.Qxf6+ Qxf6 29.Bxh3 Qf2 30.Bg2 Rxc2 31.h5 c5 
32.h6 Qf6 33.Rh5 Qg6 34.Bf3 Kg8 35.Rf1 Qd3 36.Rg5+ 
Kh8 37.Bg2 Qd6 38.Rgf5 Qxh6+ 39.Kg1 Qe3+ 40.Kh2 
Qh6+ 41.Kg1 Qe3+ {(offering draw)} 
 1/2-1/2

[Event "HCL-C4020"]
[Site "www.playchess.de"]
[Date "2006.01.17"]
[Round "13"]
[White "Peter_Richard"]
[Black "alauddin"]
[WhiteElo "976"]
[BlackElo "938"]
[PlyCount "38"]
[Result "0-1"]

1.d4 {Hello and good luck!}  d5 {hello, good luck 
to you too!}  2.e3 Nf6 3.Nf3 Bf5 4.Bd3 e6 5.O-O 
Nc6 6.Bxf5 exf5 7.Re1 {Merry Christmas, and a 
Happy New Year!}  Ne4 {thanks... happy new year to 
you as well!}  8.Nc3 Qf6 9.Nb5 O-O-O 10.a3 g5 
11.b4 g4 12.Ne5 Nxe5 13.Nxa7+ Kb8 14.Nb5 c6 
15.dxe5 Qxe5 16.Ra2 cxb5 17.Bb2 Nc3 18.Bxc3 Qxc3 
19.Kf1 Qc4+ 0-1

[Event "HCL-B3802"]
[Site "www.playchess.de"]
[Date "2006.01.18"]
[Round "1"]
[White "dynamike"]
[Black "taroak"]
[WhiteElo "1479"]
[BlackElo "1450"]
[PlyCount "39"]
[Result "1-0"]

1.e4 c5 2.Nf3 g6 3.d4 cxd4 4.Nxd4 Bg7 5.c3 Nc6 
6.Be3 Nf6 7.f3 O-O 8.Nd2 Qb6 9.Nc4 Qc7 10.Qd2 d5 
11.Nb5 Qd8 12.exd5 Nxd5 13.Rd1 Be6 14.Qf2 a6 
15.Nba3 Qc7 16.Bb6 Nxb6 17.Nxb6 Rad8 18.Rxd8 Rxd8 
19.Nac4 Bxc4 20.Nxc4 1-0

[Event "HCL-M862"]
[Site "www.playchess.de"]
[Date "2006.01.18"]
[Round "5"]
[White "ddddale"]
[Black "TigerLilly"]
[WhiteElo "1929"]
[BlackElo "2090"]
[PlyCount "58"]
[Result "1/2-1/2"]

1.d4 Nf6 {Good luck from RSA!}  2.Bg5 {And hello 
to you from the USA}  e6 3.e4 h6 4.Bxf6 Qxf6 5.e5 
Qf5 6.Nf3 c5 7.Bd3 Qh5 8.h3 f5 9.Nc3 Be7 10.dxc5 
O-O 11.Na4 Na6 12.Bxa6 bxa6 13.O-O Rb8 14.b3 Qg6 
15.Qe2 Bb7 {Merry Xmas!}  16.Rad1 Bc6 17.Rd2 Rb4 
18.c4 Bxa4 19.bxa4 Rd8 20.Rfd1 Bxc5 21.a5 Rb7 
22.Nd4 Rc7 23.Nb3 Qg5 24.Qf3 f4 25.Nxc5 Rxc5 26.a3 
Rxc4 27.R2xd7 Rxd7 28.Rxd7 Qxe5 29.Rxa7 Rc3 
{(offering draw)}  1/2-1/2

[Event "HCL-A2529"]
[Site "www.playchess.de"]
[Date "2006.01.18"]
[Round "4"]
[White "Sonea"]
[Black "taroak"]
[WhiteElo "1321"]
[BlackElo "1458"]
[PlyCount "57"]
[Result "1-0"]

1.d3 {Hello from Imardin, Kyralia}  g6 {Howdy From 
Charlotte, NC}  2.e4 Bg7 3.c3 d5 4.Nd2 e5 5.Ngf3 
Nc6 6.Qc2 Nge7 7.Be2 O-O 8.O-O Bg4 9.Re1 Qd7 
10.Nf1 Rad8 11.Ng3 f5 12.exf5 gxf5 13.Bg5 Rde8 
14.Bxe7 Nxe7 15.Bd1 f4 16.Nf1 Nc8 17.h3 Bf5 
18.N1h2 e4 19.dxe4 dxe4 20.Nd4 Bxd4 21.cxd4 Nd6 
22.Bg4 Rf6 23.Bxf5 Qxf5 24.Ng4 Rg6 25.Qb3+ Kg7 
26.Ne5 Ree6 27.Nxg6 Rxg6 28.Kh2 f3 
29.g3 1-0

[Event "HCL-C4063"]
[Site "www.playchess.de"]
[Date "2006.01.18"]
[Round "9"]
[White "Farquhart"]
[Black "cheloveck"]
[WhiteElo "583"]
[BlackElo "976"]
[PlyCount "52"]
[Result "0-1"]

1.e4 e5 2.Nf3 Nc6 3.Nc3 Bb4 4.a3 Bxc3 5.bxc3 Nf6 
6.d3 h6 7.Rb1 O-O 8.Rg1 d6 9.g3 Bg4 10.h3 Be6 
11.Rxb7 Rb8 12.Rxb8 Qxb8 13.Be3 Qb2 14.Qc1 Qxc3+ 
15.Bd2 Qc5 16.Be3 Qa5+ 17.Bd2 Qa4 18.Qb2 Rb8 
19.Qc1 Ba2 20.c4 Rb1 21.Qxb1 Bxb1 22.g4 Nh7 23.Bg2 
Bxd3 24.Nh2 Qxa3 25.Bf3 Nd4 26.Bg2 
Qa1+ 0-1

[Event "HCL-B3820"]
[Site "www.playchess.de"]
[Date "2006.01.18"]
[Round "6"]
[White "GMO"]
[Black "tusnelda"]
[WhiteElo "1337"]
[BlackElo "1182"]
[PlyCount "121"]
[Result "1-0"]

1.e4 e5 2.Bc4 Bc5 3.Qf3 Qe7 4.d3 Nf6 5.Bg5 O-O 
6.Bxf6 Qxf6 7.Qxf6 gxf6 8.a3 Nc6 9.Nf3 d6 10.h3 f5 
11.exf5 Nd4 12.Nxd4 Bxd4 13.c3 Bb6 14.g4 c6 15.f3 
d5 16.Bb3 Be3 17.Nd2 b6 18.O-O-O Ba6 19.Bc2 c5 
20.Kb1 f6 21.Nf1 Bf4 22.Bb3 c4 23.dxc4 dxc4 24.Bc2 
Bb7 25.Be4 Bxe4+ 26.fxe4 b5 27.Rd5 a6 28.Rd6 Kg7 
29.Nd2 Rfd8 30.Rxd8 Rxd8 31.Nf3 Rd3 32.Rf1 Re3 
33.Ka2 Rxe4 34.Re1 Rxe1 35.Nxe1 e4 36.Ng2 Bd6 
37.Ne3 Bc5 38.Nd5 e3 39.Nf4 Bd6 40.Ne2 a5 41.Kb1 
b4 42.a4 bxc3 43.Nxc3 Bb4 44.Ne2 Bd2 45.Kc2 h6 
46.Nd4 h5 47.gxh5 Kh6 48.Nf3 Bb4 49.Kd1 Kxh5 
50.Ke2 Bd2 51.Nxd2 exd2 52.Kxd2 Kg5 53.Kc3 Kxf5 
54.Kxc4 Kg5 55.b4 axb4 56.a5 f5 57.a6 f4 58.a7 f3 
59.a8Q f2 60.Qf3 b3 61.Kxb3 1-0

[Event "HCL-C3985"]
[Site "www.playchess.de"]
[Date "2006.01.18"]
[Round "20"]
[White "Grunert"]
[Black "Roger_K"]
[WhiteElo "929"]
[BlackElo "1132"]
[PlyCount "45"]
[Result "1/2-1/2"]

1.d4 d5 2.e3 Nf6 3.Nf3 Bf5 4.Nc3 Ne4 5.Nxe4 Bxe4 
6.Bd3 Bxd3 7.cxd3 e6 8.O-O Bd6 9.b3 Nc6 10.Bb2 O-O 
11.Qe2 Qf6 12.Rac1 e5 13.dxe5 Bxe5 14.Nxe5 Nxe5 
15.Rcb1 Qd6 16.h3 Rfe8 17.d4 Ng6 18.Rfc1 c6 19.Rc2 
Nf4 20.Qf3 Nd3 21.Rd2 Nxb2 22.Rdxb2 Qf6 23.Qxf6 
{(offering draw)}  1/2-1/2

[Event "HCL-B3815"]
[Site "www.playchess.de"]
[Date "2006.01.18"]
[Round "7"]
[White "tusnelda"]
[Black "djpnola"]
[WhiteElo "1182"]
[BlackElo "1144"]
[PlyCount "104"]
[Result "1/2-1/2"]

1.e4 e5 {Hello.}  2.Nf3 {Hello}  d6 3.Bc4 Be6 
4.Bxe6 fxe6 5.d3 Nf6 6.h3 Nc6 7.a3 h6 8.Be3 Be7 
9.Nh4 Nxe4 10.Qh5+ Kd7 11.Ng6 Qe8 12.dxe4 Bg5 
13.Bxg5 hxg5 14.Qxg5 Rh6 15.Nh4 Qe7 16.Qe3 Qxh4 
17.c3 Rf6 18.g3 Qh6 19.Qxh6 gxh6 20.b4 Raf8 21.Rh2 
Ne7 22.Nd2 d5 23.c4 c6 24.c5 b5 25.a4 a6 26.axb5 
axb5 27.f3 Nc8 28.Rf2 dxe4 29.Rf1 exf3 30.Kf2 h5 
31.Rfd1 Ke7 32.Ne4 R6f5 33.Nd6 Nxd6 34.cxd6+ Kf6 
35.d7 Rd8 36.Ra6 Ke7 37.g4 hxg4 38.hxg4 Rf7 
39.Rxc6 Rxd7 40.Rxd7+ Kxd7 41.Rc5 Kd6 42.Rxb5 e4 
43.g5 e5 44.g6 Rg7 45.Rb6+ Kc7 46.Re6 Kd7 47.Rxe5 
Rxg6 48.Rxe4 Rf6 49.b5 Kc7 50.Rb4 Kb7 51.Rb3 Kb6 
52.Rxf3 {I think It's draw}  Rxf3+ {(offering 
draw) Yup}  1/2-1/2

[Event "HCL-A2434"]
[Site "www.playchess.de"]
[Date "2006.01.18"]
[Round "31"]
[White "Michael_Lloyd"]
[Black "Matu"]
[WhiteElo "1471"]
[BlackElo "1504"]
[PlyCount "100"]
[Result "0-1"]

1.e4 {Greetings from Ottawa and good luck!}  e5 
{greetings from amberg and good luck}  2.Nf3 Nc6 
3.Bb5 d6 4.d4 exd4 5.Qxd4 Bd7 6.Bxc6 Bxc6 7.Bg5 
Qc8 8.e5 Qf5 9.O-O Bxf3 10.Qe3 Qxe5 11.Re1 Qxe3 
12.Rxe3+ Kd7 13.Rxf3 Be7 14.Rxf7 g6 15.Bxe7 Nxe7 
16.Nc3 Rae8 17.Re1 Kd8 18.Nb5 Nd5 19.Kf1 Rxe1+ 
20.Kxe1 a6 21.Nd4 Re8+ 22.Kd2 Re7 23.Rxe7 Kxe7 
24.a3 {(offering draw)}  c5 25.Ne2 b5 26.Kd3 Ke6 
27.c4 bxc4+ 28.Kxc4 Ke5 29.b4 cxb4 30.axb4 Nb6+ 
31.Kc3 d5 32.f3 g5 33.g4 Nc4 34.Kd3 Nb2+ 35.Kc3 
Na4+ 36.Kb3 Nb6 37.Kc3 Nd7 38.Kd3 Nf8 39.Nc3 Kf4 
40.Ke2 Ke5 41.Kd3 Ne6 42.Na4 Kf4 43.Ke2 Nd4+ 
44.Kd3 Nxf3 45.Nc5 Nxh2 46.Nxa6 Nxg4 47.b5 Ne5+ 
48.Kd4 g4 49.b6 g3 50.b7 Nd7 0-1